Mythologie Égyptienne - Statistiques

Statistiques générales
  • Ce quiz a été pris 54 fois
  • Le résultat moyen est 8 sur 17
Statistiques - réponses
Description Réponse % Correct
Dieu associé à l’embaumement, à la momification, aux tombes et au monde des morts. Protecteur des défunts et maître des nécropoles, il guide les âmes vers l’au-delà et veille au bon déroulement des rites funéraires. Il supervise la pesée du cœur lors du jugement des morts. Il incarne la protection, la transition et le respect des rites sacrés. Anubis
79%
Dieu associé à la mort, à la résurrection et à l’au-delà. Premier pharaon mythique de l’Égypte ancienne. Il est assassiné par Seth puis ramené à la vie par Isis, devenant ainsi le souverain du royaume des morts. Il incarne le cycle de la mort et de la renaissance, lié à la fertilité de la terre et au renouveau de la vie. Il est généralement représenté comme un roi momifié, symbole d’éternité et de justice. Osiris
79%
Le dieu du soleil. Créateur du monde et roi des dieux, il incarne le Soleil qui donne la vie et maintient l’ordre cosmique. Chaque jour, il traverse le ciel dans sa barque solaire et, la nuit, il voyage dans le monde souterrain pour renaître à l’aube, symbolisant le cycle éternel de la mort et de la renaissance. Il est aussi le dieu de tous les pharaons, qui sont considérés comme son incarnation, règne après règne.
74%
Dieu associé au désert, au chaos, à la violence et aux forces destructrices, mais aussi à la puissance et à la protection. Il a assassiné Osiris, incarnant le désordre opposé à l’ordre cosmique. Toutefois, il n’est pas uniquement maléfique : il protège parfois la barque solaire de Rê contre le serpent Apophis. Il symbolise les forces indomptables de la nature. Seth
74%
Déesse chatte associée à la protection de la maison, des femmes et des enfants, à la douceur mais aussi au foyer, à la maternité et à la joie. Elle incarne l’aspect bienveillant et apaisé de la puissance féline. Elle est également liée à la musique, à la danse et au plaisir. Bastet
71%
Dieu et roi des Pharaons, associé au ciel, à la protection divine et à la royauté. Il affronte Seth pour venger la mort de son père et rétablir l’ordre en Égypte. Il incarne le pouvoir légitime du pharaon, considéré comme son incarnation sur Terre. Son œil est un puissant symbole de protection et de guérison. Horus
62%
Déesse protectrice des femmes, des enfants, des défunts et des pharaons. Également symbole de maternité, elle incarne l’amour maternel et la force bienveillante.
Elle détient le pouvoir de fécondité : l’ânkh qu’elle tient à la main dans les représentations est d’ailleurs un symbole de vie et c’est elle qu’on prie lorsqu’on souhaite avoir des enfants.
Quand Osiris est démembré par Seth, elle parcourt tout le pays pour rassembler ses membres et ramener à la vie son corps grâce à ses pouvoirs magiques.
Isis
62%
Le grand dieu suprême de l’Égypte ancienne. Fusion d’Amon (le dieu local) et de Rê lorsque Thèbes devient capitale au Moyen Empire. Considéré comme le créateur de l’univers et de la vie. Amon-Rê
57%
Messager des dieux et dieu de la sagesse, du savoir et de l’écriture. Associé à la Lune, il est le maître du langage, des sciences et du calcul du temps. Il est à la fois le protecteur des scribes, le scribe des dieux et le gardien des lois divines. Il joue un rôle essentiel dans le jugement divin des défunts pour gagner l’au-delà, notant le résultat de la pesée du cœur et garantissant l’équilibre entre l’ordre et le chaos. Thot
48%
Déesse associée à l’amour, à la beauté, à la joie, à la musique, à la danse et à la maternité. Elle incarne la tendresse et la protection, mais aussi la fécondité et la renaissance. Hathor est également liée au monde des morts, accueillant les défunts avec bienveillance. Hathor
38%
Déesse du ciel, elle protège la Terre. Chaque soir, elle avale le soleil, qui traverse son corps pendant la nuit avant de renaître à l’aube, symbolisant le cycle éternel du temps. Elle incarne la protection céleste, la régénération et l’ordre cosmique. Nout
33%
Dieu de la Terre, il incarne le sol fertile, la végétation et la stabilité du monde des vivants. Souvent représenté allongé sous la déesse du ciel Nout, il symbolise l’union primordiale entre la Terre et le Ciel. Il est aussi associé aux tremblements de terre, considérés comme son rire, et joue un rôle essentiel dans l’ordre cosmique et la légitimité royale. Geb
29%
Déesse de la vérité, de la justice, de la paix mais aussi garant moral de l’ordre et de l’harmonie cosmique. Elle incarne l’équilibre qui maintient l’univers, les lois divines et l’harmonie entre les hommes et les dieux. Elle joue un rôle central dans le jugement des morts : le cœur du défunt est pesé face à sa plume pour déterminer sa droiture. Maât
24%
Dieu de la ville de Thèbes, son nom signifie « l’Invisible », car il représente une force cachée mais omniprésente, associée à l’air, au souffle vital et à la création. Protecteur de la royauté et du pouvoir divin. Amon
12%
Dieu associé à l’air, à la lumière et au souffle vital. Il joue un rôle fondamental en séparant le ciel de la terre permettant ainsi la création et l’organisation du monde. Souvent représenté comme un homme levant les bras pour soutenir le ciel, il symbolise l’équilibre, la stabilité et la force qui maintiennent l’ordre cosmique. Shou
12%
Déesse associée à l’humidité, à la pluie et à l’équilibre climatique. Elle représente la force vitale de l’eau nécessaire à la vie. Elle joue un rôle essentiel dans la création du monde et le maintien de l’ordre cosmique par l’équilibre des forces naturelles. Elle est symbole de puissance et de protection. Tefnout
12%
Déesse associée à la protection des morts, au deuil et aux rites funéraires. Elle accompagne les morts et veille sur les sarcophages aux côtés d’Isis. Bienveillante et discrète, elle incarne la transition entre la vie et la mort et joue un rôle essentiel dans le passage des défunts vers l’au-delà. Nephtys
10%
Aucun quiz correspondant
Distribution des résultats
% des personnes avec chaque résultat
Percentile par nombre de réponses
Votre historique - résultats
Vous n’avez pas pris ce quiz